| 000 | 00717cam a22002291 4500 | ||
|---|---|---|---|
| 001 | gs 58000223 | ||
| 003 | DLC | ||
| 005 | 20260227111407.0 | ||
| 008 | 781129s1958 msuab s001 0 eng | ||
| 010 | _ags 58000223 | ||
| 035 | _a(OCoLC)4403795 | ||
| 040 |
_aDLC _cMsSM _dDLC |
||
| 042 | _apremarc | ||
| 050 | 0 | 0 |
_aQE129 _b.A2 no. 84 |
| 100 | 1 |
_aHughes, Richard John, _d1915- |
|
| 245 | 1 | 0 | _aKemper County geology. |
| 260 |
_aUniversity, Miss., _c1958. |
||
| 300 |
_a274 p. _billus., maps (part fold.) diagrs., tables. _c23 cm. |
||
| 410 | 2 | 0 |
_aMississippi Geological, Economic, and Topographical Survey _tBulletin _vno. 84 |
| 504 | _aBibliography: p. 227-263. | ||
| 650 | 0 |
_aGeology _zMississippi _zKemper County. |
|
| 999 |
_c29273 _d29273 |
||